banner-ar

لماذا ينفرد الانسان بالثقافة: الثقافات البشرية: نشاتها وتنوعها / (Record no. 51720)

MARC details
000 -الفاتح
حقل البيانات ثابتة الطول 00592nam a2200181Ia 4500
008 - عناصر البيانات ثابتة الطول - معلومات عامة
حقل البيانات ثابتة الطول 140319s9999 xx 000 0 ara d
040 ## - مصدر الفهرسة
وكالة الفهرسة الأصلية GCL /
وكالة النسخ GCL
082 04 - رقم تصنيف ديوى العشرى
رقم التصنيف 301.2
رقم المادة ك ل
100 1# - المدخل الرئيسى - إسم شخصى
الإسم الشخصى شوقى جلال
245 10 - بيان العنوان
العنوان لماذا ينفرد الانسان بالثقافة: الثقافات البشرية: نشاتها وتنوعها /
بيان المسئوليه,etc شوقى جلال
700 1# - المدخل الاضافى - اسم شخصى
الإسم الشخصى كاريذس، مايكل
300 ## - الوصف المادى
التعداد 319 ص
490 ## - بيان السلسلة
عنوان السلسلة عالم المعرفة
رقم المجلد/ التعيين التسلسلي 0
650 04 - المدخل الاضافى بالموضوع-مصطلح موضوعى
مصطلح موضوعي الثقافة
650 04 - المدخل الاضافى بالموضوع-مصطلح موضوعى
مصطلح موضوعي الانثربولوجيا الثقافية
942 ## - عناصر المدخل الإضافي( كوها)
مصدر التصنيف او مخطط الترفيف Dewey Decimal Classification
Koha [default] item type كتاب
Holdings
حالة التراجع حالة الفقد حالة تلف ليس للاعارة المكان المؤقت الموقع الحالى تاريخ الاكتساب اجمالي اﻻعارات رقم الطلب الباركود تاريخ اخر مشاهدة تاريخ تفعيل السعر نوع وعاء كوها
        مكتبة القاهرة الكبرى مكتبة القاهرة الكبرى 03/26/2014   301.2\ك ل 123756 03/26/2014 03/26/2014 كتاب

Powered By

EGPV